NBA All-Time Highest PPG in the Playoffs - Statistics

General Stats
  • This quiz has been taken 242 times
  • The average score is 22 of 40
Answer Stats
Hint Answer % Correct
33.45 Michael Jordan
100%
28.69 LeBron James
97%
25.64 Kobe Bryant
90%
26.50 Stephen Curry
89%
29.50 Kevin Durant
88%
24.31 Kareem Abdul-Jabbar
87%
22.54 Wilt Chamberlain
87%
29.13 Jerry West
86%
24.31 Shaquille O'Neal
84%
23.29 James Harden
78%
23.76 Larry Bird
78%
24.57 Russell Westbrook
78%
23.41 Kyrie Irving
71%
25.90 Hakeem Olajuwon
70%
24.67 Karl Malone
67%
25.26 Dirk Nowitzki
66%
29.73 Allen Iverson
62%
25.86 Giannis Antetokounmpo
61%
27.04 Elgin Baylor
60%
25.91 Nikola Jokic
59%
23.03 Charles Barkley
55%
22.93 David Thompson
52%
22.56 Isaiah Thomas
48%
25.72 Damian Lillard
44%
23.06 Carmelo Anthony
43%
25.45 Bob Pettit
42%
24.18 Joel Embiid
42%
25.41 Dominique Wilkins
40%
26.98 George Gervin
38%
24.77 Rick Barry
37%
27.33 Anthony Davis
35%
24.43 Alex English
31%
22.85 Elvin Hayes
26%
24.30 Jamal Murray
26%
22.89 Bob Love
25%
28.85 Donovan Mitchell
22%
24.00 George Mikan
19%
24.54 Bernard King
18%
23.49 Bradley Beal
11%
24.20 Paul Arizin
10%
No matching quizzes found
Score Distribution
Percent of People with Each Score
Percentile by Number Answered
Your Score History
You have not taken this quiz